Homo industrialis, ou le culte funeste de l’artificiel (notice n° 1584615)

détails MARC
000 -LEADER
fixed length control field 01993cam a2200181 4500500
005 - DATE AND TIME OF LATEST TRANSACTION
control field 20251228052836.0
041 ## - LANGUAGE CODE
Language code of text/sound track or separate title fre
042 ## - AUTHENTICATION CODE
Authentication code dc
100 10 - MAIN ENTRY--PERSONAL NAME
Personal name Lefèvre, Mathias
Relator term author
245 00 - TITLE STATEMENT
Title Homo industrialis, ou le culte funeste de l’artificiel
260 ## - PUBLICATION, DISTRIBUTION, ETC.
Date of publication, distribution, etc. 2017.<br/>
500 ## - GENERAL NOTE
General note 16
520 ## - SUMMARY, ETC.
Summary, etc. L’œuvre d’André Gorz est souvent appréhendée à l’aune de la philosophie existentialiste ou de la théorie anticapitaliste. Peu s’intéressent à sa technocritique, qui est pourtant la pierre angulaire de sa pensée sociale. D’un côté, de son livre Écologie et politique (1978) à L’immatériel (2003), il promeut une société utopique abritant des ateliers autogérés pour étendre la sphère autonome. De l’autre, il condamne une société dystopique où la technique contrôle l’humanité. L’alternative est donc entre l’écosocialisme et la barbarie. Toute l’écologie politique d’André Gorz se retrouve dans cette défense du monde vécu contre l’obsolescence de l’homme organisée par le capitalisme.
520 ## - SUMMARY, ETC.
Summary, etc. The work of André Gorz is often understood in the light of existentialism or the anticapitalist theory. Few are those who take an interest in his technocriticism, while it is the keystone of his social thought. On the one hand, from his book Ecology and Politics (1978) to The Immaterial (2003), he promotes a utopian society sheltering self-governed workshops in order to extend the autonomous sphere. On the other hand, he disapproves of a dystopian society where technology controls humanity. The alternative is thus between ecosocialism and barbarity. All Gorz’s political ecology is found in this defense of the lived world against the obsolescence of man organized by capitalism.
700 10 - ADDED ENTRY--PERSONAL NAME
Personal name Luzi, Jacques
Relator term author
786 0# - DATA SOURCE ENTRY
Note Écologie & Politique | 55 | 2 | 2017-11-28 | p. 19-32 | 1166-3030
856 41 - ELECTRONIC LOCATION AND ACCESS
Uniform Resource Identifier <a href="https://shs.cairn.info/revue-ecologie-et-politique-2017-2-page-19?lang=fr&redirect-ssocas=7080">https://shs.cairn.info/revue-ecologie-et-politique-2017-2-page-19?lang=fr&redirect-ssocas=7080</a>

Pas d'exemplaire disponible.

PLUDOC

PLUDOC est la plateforme unique et centralisée de gestion des bibliothèques physiques et numériques de Guinée administré par le CEDUST. Elle est la plus grande base de données de ressources documentaires pour les Étudiants, Enseignants chercheurs et Chercheurs de Guinée.

Adresse

627 919 101/664 919 101

25 boulevard du commerce
Kaloum, Conakry, Guinée

Réseaux sociaux

Powered by Netsen Group @ 2025